000 00703nam a2200289Ia 4500
005 20260324131517.0
008 008 260324s9999 xx 000 0 eng d
020 _a9781351151047
037 _aEBOOK
040 _aCRL
040 _beng
040 _cCRL
041 _2eng
041 _aeng
084 _qCRL
100 _aMichael Brierley
_91185776
245 0 _aPublic Life and the Place of the Church
245 0 _bReflections to Honour the Bishop of Oxford
260 _bTaylor and Francis
260 _c2006
365 _a
365 _b230
856 _uhttp://www.taylorfrancis.com/books/9781351151047
942 _cEBOOK
999 _c1783010
_d1783010